Влияние параметров гибридного двигателя на коэффициент мощности; Электрические машины и электромашинные системы

Bibliografske podrobnosti
Parent link:Электрические машины и электромашинные системы.— 1995.— С. 49-55
Glavni avtor: Сипайлов Г. А. Геннадий Антонович
Drugi avtorji: Верхотуров А. И. Анатолий Иванович, Куминов А. С.
Izvleček:Исследование влияния параметров на коэф. мощности гибридного двигателя показало, что существует такой угол сдвига полюсов магнитоэлектрич. машины относительно полюсов синхронно-реактивной машины, при к-ром коэф. мощности наибольший. Анализ влияния параметров на коэф. мощности произведен при оптимальном угле сдвига полюсов.
В фонде НТБ ТПУ отсутствует
Jezik:ruščina
Izdano: 1995
Teme:
Format: MixedMaterials Book Chapter
KOHA link:https://koha.lib.tpu.ru/cgi-bin/koha/opac-detail.pl?biblionumber=602288

MARC

LEADER 00000naa0a2200000 4500
001 602288
005 20250909141633.0
035 |a (RuTPU)RU\TPU\tpu\27842 
035 |a RU\TPU\tpu\25013 
090 |a 602288 
100 |a 20150930d1995 k y0rusy50 ca 
101 0 |a rus 
102 |a RU 
200 1 |a Влияние параметров гибридного двигателя на коэффициент мощности  |f Г. А. Сипайлов, А. И. Верхотуров, А. С. Куминов 
320 |a Библиогр.: 2 назв. 
330 |a Исследование влияния параметров на коэф. мощности гибридного двигателя показало, что существует такой угол сдвига полюсов магнитоэлектрич. машины относительно полюсов синхронно-реактивной машины, при к-ром коэф. мощности наибольший. Анализ влияния параметров на коэф. мощности произведен при оптимальном угле сдвига полюсов. 
333 |a В фонде НТБ ТПУ отсутствует 
463 1 |t Электрические машины и электромашинные системы  |o межвуз. сб. науч. тр.  |v С. 49-55  |d 1995 
610 1 |a труды учёных ТПУ 
610 1 |a синхронные двигатели 
610 1 |a постоянные магниты 
610 1 |a реактивные роторы 
610 1 |a энергетические показатели 
610 1 |a исследования 
610 1 |a экономия энергии 
700 1 |a Сипайлов  |b Г. А.  |c специалист в области электромеханики  |c профессор Томского политехнического университета  |f 1920-2004  |g Геннадий Антонович  |3 (RuTPU)RU\TPU\pers\12400 
701 1 |a Верхотуров  |b А. И.  |c специалист в области электротехники  |c доцент Томского политехнического университета, кандидат технических наук  |f 1936-  |g Анатолий Иванович  |3 (RuTPU)RU\TPU\pers\26512 
701 1 |a Куминов  |b А. С. 
801 1 |a RU  |b 63413507  |c 20140507 
801 2 |a RU  |b 63413507  |c 20150930  |g RCR 
942 |c BK